000 01269cam a2200373 i 4500
001 vtls001008422
003 PNM
005 20251217104552.0
008 240507s2024 my a gr 000 0 may
015 _aM24-05821
020 _a9786297665177
_qpaperback
_cRM 32.00
039 9 _a202501030942
_bathirah
_c202501030929
_dathirah
_c202412241202
_dfatimah
_c202412161406
_dfatimah
040 _aBNM
_beng
_cBNM
_dPNM
_dPPAK
_erda
049 _aklpmal
082 0 4 _a158.1
_223
090 0 0 _a158.1
_bAQI
_dG
100 0 _aAqila Masri,
_d1992-
_eauthor.
245 1 0 _aOverthinking Tapi Buat-buat OK /
_cAqila Masri ; Ketua Editor :Rahmah Pauzi ; Editor :Fakhrur Radzi Ahmad Fuad
264 1 _aKAJANG, SELANGOR :
_bIMAN PUBLICATION SDN BHD,
_c[2024?]
300 _a171 pages :
_billustrations ;
_c21 cm
336 _atext
_2rdacontent
336 _astill image
_2rdacontent
337 _aunmediated
_2rdamedia
338 _avolume
_2rdacarrier
504 _aBibliography: page 168
650 1 0 _aSelf-realization
650 2 0 _aEmotions
650 2 0 _aSelf-control
650 2 0 _aPersonality and emotions
650 2 0 _aPeace of mind
700 0 _aRahmah Pauzi,
_d1990-
_eeditor.
700 0 _aFakhrur Radzi Ahmad Fuad,
_eeditor.
942 _2ddc
_cB
999 _c198938
_d198938